Analýza uplatnenia majetkových daní v konkrétnom regióne, resp. obci diplomová práca

Guardado en:
Detalles Bibliográficos
Autor principal: Majerská, Zuzana
Autor Corporativo: Fakulta podnikového manažmentu EU. Katedra podnikových financií
Otros Autores: Ďurinová, Ivona, 1964-
Formato: Libro
Lenguaje:eslovaco
Publicado: Bratislava 2014
Etiquetas: Agregar Etiqueta
Sin Etiquetas, Sea el primero en etiquetar este registro!

MARC

LEADER 00000nbm a2200000 4500
001 0187829
005 20170201091332.1
041 0 |a slo 
044 |a SK 
245 1 0 |a Analýza uplatnenia majetkových daní v konkrétnom regióne, resp. obci  |b diplomová práca  |c Zuzana Majerská ; školiteľ: Ivona Ďurinová 
264 1 |a Bratislava  |c 2014 
300 |a 71 s. 
100 1 |a Majerská, Zuzana 
700 1 |a Ďurinová, Ivona, 1964- 
710 2 |a Fakulta podnikového manažmentu EU. Katedra podnikových financií